000
00345nam a2200133 a 4500
005
20140414131905.0
008
100901s19uu xx 00 eng d
050
_a
FIC
_b
St5 2000
100
_a
Stilton, Geronimo
245
_a
Paws off, cheddarface!.
260
_a
New York :
_b
Scholastic,
_c
2000.
440
_a
Geronimo Stilton
999
_c
110870
_d
110870